Puthujeevitham (Record no. 120097)

MARC details
000 -LEADER
fixed length control field 00488nam a2200169Ia 4500
003 - CONTROL NUMBER IDENTIFIER
control field OSt
005 - DATE AND TIME OF LATEST TRANSACTION
control field 20220326111221.0
008 - FIXED-LENGTH DATA ELEMENTS--GENERAL INFORMATION
fixed length control field 211119s9999||||xx |||||||||||||| ||und||
040 ## - CATALOGING SOURCE
Transcribing agency sbcl
082 ## - DEWEY DECIMAL CLASSIFICATION NUMBER
Classification number 894.8123
Item number PAM-P
100 ## - MAIN ENTRY--PERSONAL NAME
Personal name Pamuk, Orhan
245 #0 - TITLE STATEMENT
Title Puthujeevitham
260 ## - PUBLICATION, DISTRIBUTION, ETC.
Name of publisher, distributor, etc. D c Books
Place of publication, distribution, etc. Kottayam
Date of publication, distribution, etc. 2014
300 ## - PHYSICAL DESCRIPTION
Extent 319p.
650 ## - SUBJECT ADDED ENTRY--TOPICAL TERM
Topical term or geographic name entry element Literature & rhetoric
942 ## - ADDED ENTRY ELEMENTS (KOHA)
Koha item type BOOK
650 ## - SUBJECT ADDED ENTRY--TOPICAL TERM
Form subdivision Literatures of other languagesAltaic, Uralic, Hyperborean & Dravidian Generalia
General subdivision General stack
Holdings
Withdrawn status Lost status Source of classification or shelving scheme Damaged status Not for loan Home library Current library Date acquired Cost, normal purchase price Total Checkouts Full call number Barcode Shelving location Date last seen Date last checked out Price effective from Koha item type
    Dewey Decimal Classification     SB LIBRARY SB LIBRARY 19/11/2021 210.00 4 894.8123 PAM-P 00133586 GENERAL STACK 18/03/2026 13/03/2026 19/11/2021 BOOK

Powered by Koha